20 najmniejszych państw świata - Statystyki

Ogólne statystyki
  • Ten quiz został rozwiązany 37 razy
  • Średni wynik to 12 z 20
Statystyki odpowiedzi
Powierzchnia w km² Państwo % Poprawnych
0,49 Watykan
100%
2,08 Monako
91%
61 San Marino
91%
160 Liechtenstein
88%
468 Andora
84%
21 Nauru
72%
459 Palau
72%
26 Tuvalu
66%
430 Barbados
59%
316 Malta
59%
261 Saint Kitts i Nevis
53%
620 Saint Lucia
53%
389 Saint Vincent i Grenadyny
50%
693 Singapur
47%
442 Antigua i Barbuda
44%
455 Seszele
44%
181 Wyspy Marshalla
44%
344 Grenada
38%
298 Malediwy
38%
620 Bahrajn
34%
Nie znaleziono quizów pasujących do podanych kryteriów
Rozkład punktacji
Procent ludzi z każdym wynikiem
Percentyl według liczby udzielonych odpowiedzi
Twoja historia wyników
Nie rozwiązałeś tego quizu